Mezinárodní klasifikace vzdělání (ISCED 97) /

Corporate Author: Český statistický úřad. Odbor obecné metodiky
Language: Czech
Published: Praha : Český statistický úřad, 2008
Series: Metodika. Metodické publikace. Klasifikace a číselníky
Subjects:
Physical Description: 89 s. ; 30 cm
Book
Saved in:
LEADER 01515nam a2200397 a 4500
001 nkc20081819556
003 CZ PrNK
005 20081120162536.0
007 ta
008 080916s2008 xr e f 000 0 cze
015 |a cnb001819556 
020 |a 978-80-250-1723-4  |q (brož.) :  |c Kč 100,00 
035 |a (OCoLC)271612021 
040 |a BOA001  |b cze 
043 |a e-xr--- 
072 7 |a 37  |x Výchova a vzdělávání  |2 Konspekt  |9 22 
080 |a 37.0:001.82  |2 MRF 
080 |a (437.3)  |2 MRF 
080 |a (035)  |2 MRF 
245 0 0 |a Mezinárodní klasifikace vzdělání (ISCED 97) /  |c zpracoval Odbor obecné metodiky 
246 3 |a ISCED 97 - Mezinárodní klasifikace vzdělání 
260 |a Praha :  |b Český statistický úřad,  |c 2008 
300 |a 89 s. ;  |c 30 cm 
490 1 |a Metodika. Metodické publikace. Klasifikace a číselníky ;  |v roč. 2008 
504 |a Obsahuje bibliografii 
650 0 7 |a mezinárodní klasifikace vzdělávání  |7 ph203870  |z Česko  |2 czenas 
650 0 9 |a international standard classification of education  |z Czechia  |2 eczenas 
655 7 |a příručky  |7 fd133209  |2 czenas 
655 9 |a handbooks and manuals  |2 eczenas 
710 2 |a Český statistický úřad.  |b Odbor obecné metodiky  |7 kn20030603008 
830 0 |a Metodika.  |p Metodické publikace.  |p Klasifikace a číselníky  |0 s 
910 2 |a BOA001  |b 3-1211.001 
990 |a BK 
995 |a 01 
991 |b 200809  |c NOV 
996 6 |b 2610353911  |c 3-1211.001  |l MZK  |r Sklad / do 1 hodiny  |n 4  |p p.v.  |w 000912613  |u 000010  |a 1  |e BOA001  |j MZK50  |s P